00724cam a22002171 450000100060000000300080000600500170001400800390003103500190007003500180008904000460010704100080015308200220016124501180018326000440030130000350034550400500038065000150043070000260044570000350047111601BD-RjUL20211208235143.0140127t1964 nyuabc b 011 0 eng a(BD-RjUL)11650 a(OCoLC)792277 aDLCcOClWdOCoLCdOAkUdDLCdBD-RjULbeng aeng00a306223bEXP 196410aExplorations in cultural anthropology :bessays in honor of George Peter Murdock /cedited by Ward W. Goodenough. aNew York :bMcGraw-Hill Book Co.cc1964 axiii, 635 p. :bill. ;c23 cm. aIncludes bibliographical reference and index. 0aEthnology.1 aGoodenough, Ward Hunt1 a Murdock, George Peter,d1897-